Derecho aduanero colombiano / (Registro nro. 5901)

Detalles MARC
000 -LEADER
fixed length control field 01136nam a2200265Ia 4500
003 - CONTROL NUMBER IDENTIFIER
control field OSt
005 - DATE AND TIME OF LATEST TRANSACTION
control field 20200805124139.0
008 - FIXED-LENGTH DATA ELEMENTS--GENERAL INFORMATION
fixed length control field 191128s2009 ck fr 000 0dspa d
020 ## - INTERNATIONAL STANDARD BOOK NUMBER
International Standard Book Number 9789586538008
040 ## - CATALOGING SOURCE
Original cataloging agency CO-JMCR
Transcribing agency CO-JMCR
041 0# - LANGUAGE CODE
Language code of text/sound track or separate title spa
082 04 - DEWEY DECIMAL CLASSIFICATION NUMBER
Classification number 343.056 /
Item number C151d
Edition number 23
100 1# - MAIN ENTRY--PERSONAL NAME
Personal name Camargo González, Juan Manuel,
Relator term autor
9 (RLIN) 8434
245 10 - TITLE STATEMENT
Title Derecho aduanero colombiano /
Statement of responsibility, etc. Juan Manuel Camargo G.
250 ## - EDITION STATEMENT
Edition statement Primera edición
260 ## - PUBLICATION, DISTRIBUTION, ETC.
Place of publication, distribution, etc. Bogotá :
Name of publisher, distributor, etc. Legis,
Date of publication, distribution, etc. 2009
300 ## - PHYSICAL DESCRIPTION
Extent xvii, 711 páginas ;
Dimensions 24 cm.
500 ## - GENERAL NOTE
General note Incluye datos biográficos del autor en solapa frontal y notas a pie de página.
504 ## - BIBLIOGRAPHY, ETC. NOTE
Bibliography, etc. note Bibliografía: páginas 707-711
505 0# - FORMATTED CONTENTS NOTE
Formatted contents note Estructura normativa del derecho aduanero colombiano -- Actividades sujetas a autorización estatal -- Sujetos de la actuación aduanera -- Las agencias de aduana -- Los usuarios aduaneros permanentes -- Los usuarios altamente exportadores
650 14 - SUBJECT ADDED ENTRY--TOPICAL TERM
Topical term or geographic name entry element Legislación aduanera
Geographic subdivision Colombia
9 (RLIN) 8435
650 14 - SUBJECT ADDED ENTRY--TOPICAL TERM
Topical term or geographic name entry element Regulación del comercio exterior
Geographic subdivision Colombia
9 (RLIN) 8436
651 #4 - SUBJECT ADDED ENTRY--GEOGRAPHIC NAME
Geographic name Colombia
General subdivision comercio exterior
-- legislación
9 (RLIN) 8437
942 ## - ADDED ENTRY ELEMENTS (KOHA)
Source of classification or shelving scheme Dewey Decimal Classification
Koha item type Books
Existencias
Withdrawn status Lost status Source of classification or shelving scheme Damaged status Not for loan Collection code Home library Current library Date acquired Source of acquisition Full call number Barcode Date last seen Copy number Koha item type
    Dewey Decimal Classification     Non-fiction Biblioteca Pública José María del Castillo y Rada Biblioteca Pública José María del Castillo y Rada 04/15/2018 Donación 343.056 / C151d 430007696 05/16/2024 Ej.1 Books